| 000 | 01438ngm a22003130a 4500 | ||
|---|---|---|---|
| 001 | PT40551 | ||
| 003 | AR-LpoUNG | ||
| 005 | 20210201235905.0 | ||
| 007 | vd cvaizq | ||
| 008 | 191001s2010||||ag |||||||||||||||||spa d | ||
| 040 |
_aAR-LpoUNG _bspa _cAR-LpoUNG _eaacr |
||
| 041 |
_aspa _aeng |
||
| 044 | _aag | ||
| 082 | 0 | _a808.068 234sco | |
| 245 | 1 | 0 | _aScooby-Doo! Piratas a la vista! |
| 260 |
_aSan Luis : _bWarner Home - AVH, _c2010. |
||
| 300 | _aDVD (80 min.) : son., col. | ||
| 505 | 0 | _aHecha en 2006 | |
| 520 | _aArrgh! El terror reina en altamar cuando Scooby-Doo y la pandilla toman un espeluznante crucero hacia uno de los lugares más misteriosos del planeta, el legendario Triángulo de las Bermudas! El grupo se enfrenta el espanto en cada rincón; desde apariciones alienígenas hasta aterradores Piratas Fantasmas, a los que les fascina hundir cruceros con balas de cañón. Las cosas van de mal en peor cuando los Piratas Fantasmas secuestran a los padres de Fred, convirtiendo a la madre del joven en pirata. Si Scooby-Doo, Shaggy y la pandilla no logran resolver este misterio marítimo, tendrán que caminar por el tablón, y convertirse en las próximas víctimas del Triángulo! | ||
| 651 | 4 | _azz | |
| 653 | _aANIMACION | ||
| 653 | _aAVENTURA | ||
| 653 | _aDVD | ||
| 653 | _aVIDEOS | ||
| 653 | _aVIDEOS INFANTILES | ||
| 710 | 2 | _aHanna Barbera y Warner Bros. | |
| 905 | _a40551 | ||
| 942 | _cDVD | ||
| 999 |
_c53718 _d53718 |
||